Titre des chansons de kpop demon hunter - Statistiques

Statistiques générales
  • Ce quiz a été pris 512 fois
  • Le résultat moyen est 5 sur 7
Statistiques - réponses
Par images Réponse % Correct
Soda pop
94%
Briller
90%
Libre
86%
Dévoile
80%
Ton sauveur
67%
Ce qu'on te donne
63%
Le son de nos voix
56%
Aucun quiz correspondant
Distribution des résultats
% des personnes avec chaque résultat
Percentile par nombre de réponses
Votre historique - résultats
Vous n’avez pas pris ce quiz